000 00757nam a2200217 i 4500
001 95029
003 ES-MaACL
005 20250629062820.0
007 t|
008 050519s1942 sp ||||1| spa d
100 0 _aLuis
_bXIV,
_cRey de Francia
_974697
245 1 0 _aMemorias del Rey Sol
_b: [reflexiones sobre el oficio de Rey y las instrucciones al duque de Anjou] /
_cLuis XIV, Rey de Francia; traducción y notas de Pedro Láopez Ferret.
250 _a1ª ed.
260 _aBarcelona :
_b[s.n.],
_c1942 (
_fImp. Atlantida)
300 _a227 p. ;
_c23 cm.
490 1 _aHistoria ;
_v16
700 1 _aLópez Ferret, Pedro.
_973642
830 0 _aHistoria ;
_v16
_9177536
852 _aES-MaACL
_jF-16088
_bR.20817
999 _c95029
_d95029